Cosecha de agua y tierra : diseño con permacultura /

Detalles Bibliográficos
Autor principal: Gras, Eugenio (Autor)
Formato: Electrónico eBook
Lenguaje:español
Publicado: [Olba, Teruel] : Editorial EcoHabitar Sociedad Microcooperativa, [2012]
Edición:Segunda edición.
Materias:
Acceso en línea:Digitalia Hispánica

MARC

LEADER 00000nam a2200000Ii 4500
001 DIGECOHAB0007
003 NyNyDIG
006 m o d
007 cr |||||||||||
008 240202s2012 sp a ob 000 0 spa d
035 |a (OCoLC)1422055846 
040 |a DGITA  |b eng  |e rda  |e pn  |c DGITA 
020 |a 9788494177507  |q eBook 
020 |z 9788494024641 
050 1 4 |a S494.5.P47 ebook 
082 0 4 |a 631.58  |2 23  
100 1 |a Gras, Eugenio,  |e author. 
245 1 0 |a Cosecha de agua y tierra :  |b diseño con permacultura /  |c Eugenio Gras. 
250 |a Segunda edición. 
264 1 |a [Olba, Teruel] :  |b Editorial EcoHabitar Sociedad Microcooperativa,  |c [2012] 
300 |a 1 online resource :  |b illustrations. 
336 |a text  |b txt  |2 rdacontent 
337 |a computer  |b c  |2 rdamedia 
338 |a online resource  |b cr  |2 rdacarrier 
347 |a text file  |2 rdaft 
347 |b EPUB 
504 |a Includes bibliographical references. 
588 0 |a Online resource; title from ePub title page (Digitalia, viewed February 2, 2024) 
650 0 |a Permaculture. 
650 0 |a Agricultural ecology.  
791 2 |a Digitalia (Firm),  |e distributor. 
793 0 |g Digitalia eBook Collection:  |a EcoHabitar 
776 0 8 |i Print version:  |a Gras, Eugenio.  |t Cosecha de agua y tierra.  |b Segunda edición.  |d [Olba, Teruel] : Editorial EcoHabitar Sociedad Microcooperativa, [2012]  |z 9788494024641 
856 4 0 |3 Digitalia Hispánica  |u https://www.digitaliapublishing.com/a/100448/ 
910 |a Premium collection: 2024